Les prisons cellulaires en Belgique (Record no. 165777)

MARC details
000 -LEADER
campo de control de longitud fija 00588nam a2200157 i 4500
001 - NÚMERO DE CONTROL
campo de control 165777
003 - IDENTIFICADOR DE NÚMERO DE CONTROL
campo de control ES-MaACL
005 - FECHA Y HORA DE LA ÚLTIMA TRANSACCIÓN
campo de control 20230906213214.0
008 - DATOS DE LONGITUD FIJA--INFORMACIÓN GENERAL
campo de control de longitud fija 011115s1878 be |||| | fre d
100 1# - ENTRADA PRINCIPAL--NOMBRE DE PERSONA
Nombre de persona Stevens, Jean-Baptiste J. G.
9 (RLIN) 165547
245 14 - MENCIÓN DEL TÍTULO
Título Les prisons cellulaires en Belgique
Resto del título : leur hygiène physique et morale /
Mención de responsabilidad, etc. par J. Stevens.
260 ## - PUBLICACIÓN, DISTRIBUCIÓN, ETC.
Lugar de publicación, distribución, etc. Bruxelles :
Nombre del editor, distribuidor, etc. Ferdinand Larcier, libraire-éditeur,
Fecha de publicación, distribución, etc. 1878.
300 ## - DESCRIPCIÓN FÍSICA
Extensión 255 p. ;
Dimensiones 24 cm.
650 #4 - PUNTO DE ACCESO ADICIONAL DE MATERIA--TÉRMINO DE MATERIA
Término de materia o nombre geográfico como elemento de entrada Establecimientos penitenciarios-
Subdivisión geográfica Bélgica.
9 (RLIN) 143325
852 ## - LOCALIZACIÓN
Ubicación ES-MaACL
Número de control de estantería D-141
Nota libre - Enc. hol.
-- . - Donativo Lastres
Holdings
Estatus retirado Estado de pérdida Estado de daño No para préstamo Colección Biblioteca de origen Biblioteca actual Ubicación en estantería Fecha de adquisición Fuente de adquisición Total de préstamos Signatura topográfica completa Código de barras Visto por última vez Precio de reemplazo Tipo de ítem Koha
        Libros del s. XIX Biblioteca del Ateneo de Madrid Biblioteca del Ateneo de Madrid Sala Valle Inclán 17/01/2008     D-141 901173855 23/02/2023 23/02/2023 Libro impreso antiguo